Communication technology update. (Record no. 435)

MARC details
000 -LEADER
fixed length control field 00617nam a22002177a 4500
003 - CONTROL NUMBER IDENTIFIER
control field OSt
005 - DATE AND TIME OF LATEST TRANSACTION
control field 20210928091833.0
008 - FIXED-LENGTH DATA ELEMENTS--GENERAL INFORMATION
fixed length control field 140917b xxu||||| |||| 00| 0 eng d
020 ## - INTERNATIONAL STANDARD BOOK NUMBER
International Standard Book Number 0240803264
040 ## - CATALOGING SOURCE
Transcribing agency DDC
050 ## - LIBRARY OF CONGRESS CALL NUMBER
Classification number 19
082 ## - DEWEY DECIMAL CLASSIFICATION NUMBER
Classification number 621.382.COM 1998
100 ## - MAIN ENTRY--PERSONAL NAME
Personal name Grant, August E.
9 (RLIN) 1143
245 ## - TITLE STATEMENT
Title Communication technology update.
Statement of responsibility, etc. Edited by Grant,August E. ; Meadows,Jennifer Harman;
250 ## - EDITION STATEMENT
Edition statement 6th
260 ## - PUBLICATION, DISTRIBUTION, ETC. (IMPRINT)
Place of publication, distribution, etc. Boston
Name of publisher, distributor, etc. Focal press
Date of publication, distribution, etc. 1998
300 ## - PHYSICAL DESCRIPTION
Extent viii,327p;
Other physical details ill :
Dimensions 18cm .
504 ## - BIBLIOGRAPHY, ETC. NOTE
Bibliography, etc includes; bibliography references and glossary.
650 ## - SUBJECT ADDED ENTRY--TOPICAL TERM
Topical term or geographic name as entry element Physics
9 (RLIN) 1144
942 ## - ADDED ENTRY ELEMENTS (KOHA)
Source of classification or shelving scheme Dewey Decimal Classification
Koha item type Open Shelf
Holdings
Withdrawn status Lost status Source of classification or shelving scheme Damaged status Not for loan Home library Current library Date acquired Inventory number Total Checkouts Full call number Barcode Date last seen Price effective from Koha item type Source of acquisition
    Dewey Decimal Classification     MUST Main Library MUST Main Library 17/09/2014 2002/17585   621.382 COM 1998 2014-2799 17/09/2014 17/09/2014 Short Loan  
    Dewey Decimal Classification     MUST Main Library MUST Main Library 28/09/2021 02/17584   621.382.COM 1998 2021-1292 28/09/2021 28/09/2021 Open Shelf Donation